000 00488nam a2200169Ia 4500
999 _c28387
_d28387
003 OSt
005 20201231131923.0
008 190216s9999||||xx |||||||||||||| ||und||
040 _coclc
082 _a894.812301
_bABO/A
100 _aAboobacker, K P
_94602
245 0 _aAalillatha Veedu /
_cK P Aboobacker
260 _bPoorna Publications,
_aKozhikode:
_c2002.
300 _a60p
650 _aMalayalam
942 _cBK
_2ddc
_h894.812301
_iABO/A
_k894.812301
_mABO/A